000 00454nam a2200181 4500
001 VA24915
003 ES-SlBCS
005 20210601154429.0
008 140520s1974 xxu||||| |||| 00| 0 spa d
041 _aspa
100 1 _aPlé, Albert
_92657
245 1 0 _aFreud y la moral
_cAlbert Plé; Eloy Requena
260 _aMadrid :
_bStudium
_c, 1974
300 _a170 p.;
_c18 cm
600 0 4 _aFreud
_9130641
700 1 0 _aRequena, Eloy
_994473
942 _cBK
999 _c804670
_d804670